000
00297nam a22001337a 4500
008
181009b xxu||||| |||| 00| 0 eng d
020
_a
9780521453813
041
_a
eng
080
_a
159.9
100
_a
49
101
_a
PSI
245
_a
Hume's Theory of Consciousness
_c
Wayne
942
_2
udc
_c
BK
999
_c
49138
_d
49138